Rancangan Malaysia Kelima

Bibliographic Details
Other Authors: Chamhuri Siwar, Mohd Haflah Piei
Format: Book
Published: Bangi : Penerbit UKM , 1989
Subjects:

MARC

LEADER 00000cam a2200000 7i4500
001 0000002132
005 20050427.0
020 |a 9679421376 
040 |a INS 
090 0 0 |a HC445.5.   |b R35 1989 
245 1 0 |a Rancangan Malaysia Kelima   |c ed. by Mohd Haflah Piei 
260 |a Bangi :   |b Penerbit UKM ,   |c 1989 
300 |a 158p ;   |c 22cm. 
500 |a Library has two copies 
650 0 0 |a Economic development projects   |z Malaysia 
651 0 |a Malaysia   |x Economic policy 
700 0 |a Chamhuri Siwar 
700 0 |a Mohd Haflah Piei 
999 |a 0000003568   |b BOOK   |c Open Shelf   |e Default branch 
999 |a 0000003630   |b BOOK   |c Open Shelf   |e Default branch